[Event "IV Open FIDE"]
[Site "Forli' ITA"]
[Date "1991.09.13"]
[Round "7"]
[White "Maljutin, Evgeni"]
[Black "Boe, Mads"]
[Result "1-0"]
[WhiteElo "2435"]
[BlackElo "2320"]
[PlyCount "75"]
[EventDate "1991.09.07"]

1. e4 c6 2. d4 d5 3. exd5 cxd5 4. Bd3 g6 5. h3 Nc6 6. c3 Bg7 7. Nf3 Nh6 8. O-O
Bf5 9. Bxh6 Bxh6 10. Bxf5 gxf5 11. c4 O-O 12. cxd5 Nb4 13. Qb3 Nxd5 14. Nc3
Nxc3 15. bxc3 Qc7 16. d5 Bg7 17. Rac1 Rad8 18. c4 b6 19. Rfe1 Bf6 20. Qe3 Qc5
21. Qh6 Rd6 22. Qh5 Bb2 23. Rc2 Bg7 24. Rxe7 b5 25. Qxf5 bxc4 26. Ng5 Rg6 27.
Rxf7 Rb8 28. Rxg7+ Rxg7 29. Qe6+ Kh8 30. Nf7+ Rxf7 31. Qe5+ Kg8 32. Qxb8+ Kg7
33. Qe5+ Kg8 34. Qe6 c3 35. d6 Qd4 36. Qg4+ Qxg4 37. hxg4 Rd7 38. Rxc3 1-0

[Event "IV Open FIDE"]
[Site "Forli' ITA"]
[Date "1991.09.13"]
[Round "7"]
[White "Mauro, Alan"]
[Black "Zadrima, Aldo"]
[Result "0-1"]
[WhiteElo "2240"]
[BlackElo "2235"]
[PlyCount "82"]
[EventDate "1991.09.07"]

1. e4 c5 2. Nf3 Nc6 3. c3 d5 4. e5 e6 5. d4 Qb6 6. Be2 Bd7 7. O-O Rc8 8. a3 c4
9. Ng5 h6 10. Nh3 Na5 11. Nd2 Ne7 12. f4 Nf5 13. Nf3 Nb3 14. Rb1 Nxc1 15. Qxc1
h5 16. Bd1 Be7 17. Bc2 Qc7 18. Qe1 b5 19. Nhg5 g6 20. h3 Rb8 21. g4 Ng7 22. Qg3
Rb6 23. f5 exf5 24. gxf5 Bxf5 25. Nxf7 h4 26. Qh2 Kxf7 27. Bxf5 gxf5 28. e6+
Nxe6 29. Ne5+ Ke8 30. Qg2 Nd8 31. Rxf5 Qd6 32. Rbf1 Qe6 33. Kh1 Rd6 34. Qg4 Qg8
35. Qe2 Re6 36. Rg1 Qh7 37. Qg4 Rf8 38. Rgf1 Rxf5 39. Rxf5 Rf6 40. Rg5 Qb1+ 41.
Qg1 Rf1 0-1

[Event "IV Open FIDE"]
[Site "Forli' ITA"]
[Date "1991.09.13"]
[Round "7"]
[White "Ortega, Lexy"]
[Black "Vezzosi, Paolo"]
[Result "1-0"]
[WhiteElo "2410"]
[BlackElo "2330"]
[PlyCount "85"]
[EventDate "1991.09.07"]

1. g3 e5 2. Bg2 d5 3. d3 Nc6 4. Nf3 Nf6 5. O-O Be7 6. a3 a5 7. Nc3 O-O 8. Bg5
Be6 9. e4 d4 10. Ne2 Qd7 11. Bd2 Bg4 12. Nh4 Ne8 13. f3 Be6 14. f4 Bxh4 15.
gxh4 exf4 16. Nxf4 Nf6 17. Qe1 Ne5 18. h5 h6 19. Kh1 Qb5 20. Qg3 Neg4 21. Rg1
Nxh5 22. Nxh5 Qxh5 23. Bf3 f5 24. Raf1 Qg6 25. h3 f4 26. Qg2 h5 27. hxg4 hxg4
28. Bxg4 Bxg4 29. Qxg4 Qh6+ 30. Kg2 f3+ 31. Rxf3 Qxd2+ 32. Kh1 Qh6+ 33. Rh3 Qf6
34. Qh5 Ra6 35. e5 Qc6+ 36. Rg2 Qd5 37. Qh7+ Kf7 38. Qxg7+ Ke8 39. Rh7 Re6 40.
Kg1 Rxe5 41. Qxc7 Re1+ 42. Kh2 Qd8 43. Qg3 1-0

[Event "IV Open FIDE"]
[Site "Forli' ITA"]
[Date "1991.09.13"]
[Round "7"]
[White "Shrentzel, Israel"]
[Black "Hansen, Curt"]
[Result "1/2-1/2"]
[WhiteElo "2375"]
[BlackElo "2600"]
[PlyCount "92"]
[EventDate "1991.09.07"]

1. Nf3 Nf6 2. c4 g6 3. b4 Bg7 4. Bb2 O-O 5. e3 d6 6. d4 Nbd7 7. Be2 Re8 8. Nc3
e5 9. O-O e4 10. Nd2 Qe7 11. Qb3 h5 12. c5 Nf8 13. Rac1 Be6 14. cxd6 cxd6 15.
Qa3 Bf5 16. Nc4 d5 17. Ne5 Ne6 18. Qb3 Red8 19. b5 Bf8 20. f3 Bh6 21. Na4 exf3
22. Bxf3 Ne4 23. Bxe4 dxe4 24. d5 Nf8 25. b6 axb6 26. Nxb6 Ra6 27. Bd4 Bg7 28.
Qb2 f6 29. Nec4 Nd7 30. Rfd1 h4 31. h3 Nxb6 32. Bxb6 Rda8 33. a3 Bd7 34. Qb4
Qxb4 35. axb4 Bb5 36. d6 Bd7 37. Bc5 Rd8 38. Nb6 Bc6 39. d7 Bf8 40. Bd4 Kf7 41.
Rb1 Bb5 42. Rdc1 Ke6 43. Rc7 Bd6 44. Rc8 Be7 45. Rd1 Ra3 46. Rc7 Rd3 1/2-1/2

[Event "IV Open FIDE"]
[Site "Forli' ITA"]
[Date "1991.09.13"]
[Round "7"]
[White "Votruba, Pavel"]
[Black "Yilmaz, Turhan"]
[Result "0-1"]
[WhiteElo "2355"]
[BlackElo "2340"]
[PlyCount "52"]
[EventDate "1991.09.07"]

1. d4 f5 2. Bf4 Nf6 3. e3 g6 4. h4 h6 5. Bd3 d6 6. Nc3 Nc6 7. Nf3 Bg7 8. Qd2 a6
9. e4 Nb4 10. e5 Nxd3+ 11. Qxd3 Ng4 12. Qe2 b5 13. a3 Rb8 14. Rd1 Qd7 15. O-O
O-O 16. Rfe1 Qc6 17. Nh2 b4 18. axb4 Rxb4 19. Qd2 Bb7 20. f3 dxe5 21. dxe5 Qb6+
22. Be3 Nxe3 23. Qxe3 Rxb2 24. Rd4 Rxc2 25. Nf1 Rxc3 26. Qxc3 Rd8 0-1

[Event "IV Open FIDE"]
[Site "Forli' ITA"]
[Date "1991.09.13"]
[Round "7"]
[White "Wagman, Stuart"]
[Black "Falchetta, Giovanni"]
[Result "1-0"]
[WhiteElo "2225"]
[BlackElo "2235"]
[PlyCount "89"]
[EventDate "1991.09.07"]

1. e4 c5 2. Nf3 e6 3. d4 cxd4 4. Nxd4 Nf6 5. Nc3 d6 6. Be3 Be7 7. g4 Nc6 8. g5
Nd7 9. h4 O-O 10. Qd2 Nb6 11. f4 d5 12. exd5 exd5 13. O-O-O Bg4 14. Re1 Na5 15.
Qg2 Bh5 16. Nf5 Bb4 17. Bd4 Re8 18. Bd3 Bf8 19. Nh6+ gxh6 20. gxh6+ Bg6 21. h5
Rxe1+ 22. Rxe1 Qh4 23. hxg6 Qxe1+ 24. Nd1 hxg6 25. Bxg6 Bxh6 26. Bf5+ Kf8 27.
Bc5+ Qe7 28. Bxe7+ Kxe7 29. Qe2+ Kf8 30. Qe5 Kg8 31. Bd3 Bg7 32. Qg5 Kf8 33.
Ne3 Nac4 34. Bxc4 Nxc4 35. Nxc4 dxc4 36. Qc5+ Kg8 37. Qxc4 Re8 38. c3 Re7 39.
Qc5 Re1+ 40. Kc2 b6 41. Qc7 Bh6 42. Qxa7 Bxf4 43. Qxb6 Re2+ 44. Kd3 Re8 45. a4
1-0

[Event "IV Open FIDE"]
[Site "Forli' ITA"]
[Date "1991.09.13"]
[Round "7"]
[White "Winterstein, Wolfgang"]
[Black "Novikov, Igor A."]
[Result "0-1"]
[WhiteElo "2300"]
[BlackElo "2550"]
[PlyCount "106"]
[EventDate "1991.09.07"]

1. e4 c5 2. Nf3 d6 3. d4 cxd4 4. Nxd4 Nf6 5. Nc3 a6 6. Bg5 e6 7. f4 Qb6 8. Qd2
Qxb2 9. Nb3 Nc6 10. Bd3 d5 11. Rb1 Qxc3 12. Qxc3 Bb4 13. Bxf6 gxf6 14. Kd2
Bxc3+ 15. Kxc3 Ne7 16. Nc5 b5 17. a4 bxa4 18. Nxa4 Ra7 19. Nb6 dxe4 20. Bxe4
O-O 21. Rhd1 f5 22. Bf3 Rc7+ 23. Kb2 Bb7 24. Rd7 Rxd7 25. Nxd7 Bxf3 26. Nxf8
Bc6 27. Nxh7 Kxh7 28. g3 Bb5 29. Kb3 Nc6 30. c3 Kg6 31. Ra1 Bd3 32. Rd1 Be4 33.
Kc4 Bf3 34. Rd7 a5 35. Kc5 f6 36. c4 e5 37. Rd6 Kf7 38. h4 Nd4 39. Rd7+ Ke6 40.
Rd6+ Ke7 41. fxe5 fxe5 42. Rb6 Ne6+ 43. Kb5 e4 44. Kxa5 e3 45. Rb1 Nd4 46. Kb4
Be4 47. Rc1 e2 48. h5 Nc2+ 49. Kc3 e1=Q+ 50. Rxe1 Nxe1 51. Kd2 Nf3+ 52. Ke3 Ne5
53. c5 Kf6 0-1

[Event "IV Open FIDE"]
[Site "Forli' ITA"]
[Date "1991.09.14"]
[Round "8"]
[White "Becker, Marc"]
[Black "Ortega, Lexy"]
[Result "0-1"]
[WhiteElo "2310"]
[BlackElo "2410"]
[PlyCount "110"]
[EventDate "1991.09.07"]

1. c4 e6 2. Nf3 f5 3. g3 Nf6 4. Bg2 d5 5. O-O Be7 6. b3 O-O 7. d4 Nc6 8. Ba3
dxc4 9. bxc4 Bxa3 10. Nxa3 Qd6 11. Nb5 Qe7 12. Qb3 a6 13. Nc3 Na5 14. Qa4 b6
15. Ne5 Bb7 16. Bxb7 Nxb7 17. Rab1 Nd6 18. Qb4 Qe8 19. c5 Nde4 20. Nxe4 Nd5 21.
Qd2 fxe4 22. cxb6 cxb6 23. f3 e3 24. Qd3 b5 25. Ng4 Rc8 26. Rb3 Qg6 27. Qxg6
hxg6 28. Nxe3 Nc3 29. Rb2 Rfd8 30. Nd1 Rxd4 31. Nxc3 Rxc3 32. Kf2 e5 33. Rfb1
Kf7 34. Rb3 Rc2 35. R1b2 Rxb2 36. Rxb2 Ra4 37. Ke3 Ke6 38. Kd3 Kd5 39. Kc3 Kc5
40. Rd2 Ra3+ 41. Kb2 Re3 42. Kb1 a5 43. Rd7 Rxe2 44. Rxg7 Kb4 45. Rxg6 Ka3 46.
h4 b4 47. h5 a4 48. Rb6 Rb2+ 49. Kc1 Rxa2 50. h6 b3 51. g4 Rg2 52. h7 Rc2+ 53.
Kd1 Rh2 54. g5 Rxh7 55. g6 Rh2 0-1

[Event "IV Open FIDE"]
[Site "Forli' ITA"]
[Date "1991.09.14"]
[Round "8"]
[White "Boe, Mads"]
[Black "Yeuillaz, Corrado"]
[Result "1-0"]
[WhiteElo "2320"]
[BlackElo "2205"]
[PlyCount "39"]
[EventDate "1991.09.07"]

1. e4 e6 2. d4 d5 3. e5 c5 4. c3 Nc6 5. Nf3 Qb6 6. a3 a5 7. Be2 cxd4 8. cxd4
Nge7 9. Nc3 Nf5 10. Nb5 Be7 11. Qd3 Bd7 12. Bd2 Na7 13. Nxa7 Rxa7 14. O-O Qd8
15. g4 Nh4 16. Nxh4 Bxh4 17. f4 Be7 18. f5 b6 19. Qf3 Bg5 20. f6 1-0

[Event "IV Open FIDE"]
[Site "Forli' ITA"]
[Date "1991.09.14"]
[Round "8"]
[White "Dutreeuw, Marc"]
[Black "Winterstein, Wolfgang"]
[Result "1-0"]
[WhiteElo "2410"]
[BlackElo "2300"]
[PlyCount "70"]
[EventDate "1991.09.07"]

1. e4 e6 2. d4 d5 3. Nc3 Bb4 4. Nge2 dxe4 5. a3 Be7 6. Nxe4 Nf6 7. N2g3 b6 8.
Be2 Nxe4 9. Nxe4 Nd7 10. Bf3 Rb8 11. Bf4 Bb7 12. Nc3 Bxf3 13. Qxf3 O-O 14. Nb5
e5 15. dxe5 Bg5 16. O-O Bxf4 17. Qxf4 Qe7 18. Rfe1 Qc5 19. c4 Rbe8 20. b4 Qc6
21. Nxa7 Qb7 22. Nb5 Re6 23. Nd4 Rg6 24. Qe4 Qc8 25. f4 Re8 26. Rad1 h5 27. Qf3
h4 28. Re2 c5 29. Nf5 cxb4 30. axb4 Qxc4 31. Rxd7 Qe6 32. Qd3 h3 33. Rd6 Qc8
34. Ne7+ Rxe7 35. Rd8+ Re8 1-0

[Event "IV Open FIDE"]
[Site "Forli' ITA"]
[Date "1991.09.14"]
[Round "8"]
[White "Godena, Michele"]
[Black "Farago, Ivan"]
[Result "1-0"]
[WhiteElo "2415"]
[BlackElo "2515"]
[PlyCount "67"]
[EventDate "1991.09.07"]

1. e4 c5 2. Nf3 e6 3. c3 d5 4. exd5 Qxd5 5. d4 Nc6 6. Na3 Nf6 7. Be2 cxd4 8.
Nb5 Qd8 9. Nbxd4 Nxd4 10. Nxd4 Be7 11. O-O O-O 12. Bg5 h6 13. Bh4 Bd7 14. Bf3
Qc7 15. Bg3 e5 16. Qc2 Rfe8 17. Rad1 Bc5 18. Nf5 Qb6 19. Be2 Qe6 20. Ne3 Qxa2
21. Rxd7 Bxe3 22. Rc7 Qa5 23. Rxb7 Bb6 24. Bc4 Rf8 25. b4 Qa3 26. Bxe5 Rac8 27.
Qd3 Ng4 28. Rxf7 Nxe5 29. Rxf8+ Kxf8 30. Qf5+ Ke8 31. Qxe5+ Kf8 32. Qf5+ Ke7
33. Qe6+ Kd8 34. Qd6+ 1-0

[Event "IV Open FIDE"]
[Site "Forli' ITA"]
[Date "1991.09.14"]
[Round "8"]
[White "Hansen, Curt"]
[Black "Votruba, Pavel"]
[Result "1/2-1/2"]
[WhiteElo "2600"]
[BlackElo "2355"]
[PlyCount "113"]
[EventDate "1991.09.07"]

1. d4 c5 2. d5 Nf6 3. c4 d6 4. Nc3 g6 5. e4 Bg7 6. Nf3 Bg4 7. Be2 Bxf3 8. Bxf3
O-O 9. O-O Nbd7 10. Be3 Qc7 11. Qd2 a6 12. a4 Ne5 13. Be2 e6 14. h3 exd5 15.
cxd5 Rfe8 16. Rfe1 Ned7 17. Bd3 c4 18. Bc2 Qa5 19. Bd4 Rac8 20. Kh1 Re7 21.
Rad1 Rce8 22. Re2 b5 23. axb5 axb5 24. Rde1 b4 25. Nd1 Qb5 26. Kg1 Nc5 27. Bxc5
Qxc5 28. Qe3 Qb5 29. Qf3 Nd7 30. Qg3 Ne5 31. Re3 Qa6 32. b3 c3 33. R3e2 Nd7 34.
Ne3 Be5 35. Qf3 Bd4 36. Ng4 f5 37. Nh6+ Kg7 38. Qf4 Nf6 39. Qg5 Kh8 40. Kh2
Nxd5 41. exf5 Bf6 42. Rxe7 Rxe7 43. Qc1 Kg7 44. Rxe7+ Nxe7 45. fxg6 hxg6 46.
Ng4 Qe2 47. Qh6+ Kf7 48. Qf4 Qxc2 49. Qxf6+ Ke8 50. Qxd6 Qxb3 51. Ne5 Qd5 52.
Qb8+ Qd8 53. Qb5+ Kf8 54. Nxg6+ Nxg6 55. Qxb4+ Kg8 56. Qxc3 Qd5 57. Qf6 1/2-1/2

[Event "IV Open FIDE"]
[Site "Forli' ITA"]
[Date "1991.09.14"]
[Round "8"]
[White "Lagrotteria, Salvatore"]
[Black "Payen, Arnaud"]
[Result "1/2-1/2"]
[WhiteElo "2240"]
[BlackElo "2235"]
[PlyCount "29"]
[EventDate "1991.09.07"]

1. Nf3 d5 2. g3 Nf6 3. Bg2 c6 4. O-O Bf5 5. d3 e6 6. Nbd2 h6 7. e3 Be7 8. Qe2
O-O 9. Ne1 Nbd7 10. e4 dxe4 11. dxe4 Bh7 12. a4 a5 13. Nd3 Nc5 14. Ne5 Qc7 15.
f4 1/2-1/2

[Event "IV Open FIDE"]
[Site "Forli' ITA"]
[Date "1991.09.14"]
[Round "8"]
[White "Malaniuk, Vladimir P."]
[Black "Motwani, Paul"]
[Result "1-0"]
[WhiteElo "2510"]
[BlackElo "2440"]
[PlyCount "79"]
[EventDate "1991.09.07"]

1. d4 e6 2. e4 d5 3. e5 c5 4. c3 Nc6 5. Nf3 Bd7 6. Be2 Nge7 7. O-O Ng6 8. g3
Be7 9. h4 cxd4 10. cxd4 O-O 11. Nc3 f6 12. exf6 Bxf6 13. Be3 Nge7 14. Bd3 Be8
15. Ng5 Bxg5 16. Bxg5 h6 17. Be3 Bg6 18. Bxg6 Nxg6 19. Qg4 Qf6 20. Rad1 Nge7
21. f3 Nf5 22. Bf2 Rad8 23. Rfe1 Rfe8 24. Qf4 g5 25. Qg4 Kf7 26. hxg5 hxg5 27.
Kg2 Qg6 28. Rh1 Rh8 29. f4 Rdg8 30. fxg5 Nce7 31. Rxh8 Rxh8 32. Rh1 Rxh1 33.
Kxh1 Ng7 34. Kg2 Qf5 35. Qf4 Kg6 36. Qc7 Qxg5 37. Ne2 Nef5 38. Nf4+ Kh6 39. Qf7
Qe7 40. Qg6# 1-0

[Event "IV Open FIDE"]
[Site "Forli' ITA"]
[Date "1991.09.14"]
[Round "8"]
[White "Novikov, Igor A."]
[Black "Langeweg, Kick"]
[Result "1/2-1/2"]
[WhiteElo "2550"]
[BlackElo "2410"]
[PlyCount "83"]
[EventDate "1991.09.07"]

1. d4 Nf6 2. c4 e6 3. Nf3 b6 4. g3 Ba6 5. b3 Bb4+ 6. Bd2 Be7 7. Bg2 O-O 8. O-O
d5 9. cxd5 exd5 10. Nc3 Bb7 11. Bc1 Na6 12. Bb2 Qc8 13. Rc1 Rd8 14. Ne5 c5 15.
e3 Qf5 16. g4 Qe6 17. f4 Ne4 18. g5 f5 19. gxf6 Bxf6 20. Rf3 Bxe5 21. fxe5 Rf8
22. Qe2 Rxf3 23. Bxf3 Rf8 24. Rf1 Nb4 25. Bg2 Rxf1+ 26. Qxf1 Qh6 27. Nxe4 dxe4
28. Qc4+ Bd5 29. Qe2 Nd3 30. Bc3 cxd4 31. Bxd4 Qg5 32. Qc2 h6 33. Qc8+ Kh7 34.
h4 Qg6 35. Bc3 h5 36. Qd7 Qg3 37. Qh3 Qf2+ 38. Kh2 Nc5 39. Qg3 Qc2 40. Qg5 Qxc3
41. Qxh5+ Kg8 42. Qe8+ 1/2-1/2

[Event "IV Open FIDE"]
[Site "Forli' ITA"]
[Date "1991.09.14"]
[Round "8"]
[White "Pedersen, Steffen"]
[Black "Miles, Anthony John"]
[Result "1-0"]
[WhiteElo "2295"]
[BlackElo "2555"]
[PlyCount "77"]
[EventDate "1991.09.07"]

1. d4 d6 2. e4 Nf6 3. Nc3 g6 4. Nf3 Bg7 5. h3 O-O 6. Be3 a6 7. a4 b6 8. Be2 Bb7
9. Nd2 Nc6 10. O-O e5 11. d5 Nd4 12. Bc4 c6 13. dxc6 Bxc6 14. Re1 b5 15. Bf1 b4
16. Na2 a5 17. c3 bxc3 18. Nxc3 d5 19. Bg5 h6 20. exd5 Bxd5 21. Bh4 Re8 22. Rc1
Rb8 23. Bb5 Nxb5 24. axb5 Ba8 25. Nc4 Qd4 26. Bxf6 Qxc4 27. Bxg7 Kxg7 28. Ra1
Qc7 29. Qa4 Rbd8 30. Re2 Qb7 31. f3 Rd3 32. Qxa5 Qe7 33. b6 Qg5 34. Qb5 Qd8 35.
b7 Bxb7 36. Qxb7 Re7 37. Qb5 Re6 38. Kh1 Qd6 39. Rae1 1-0

[Event "IV Open FIDE"]
[Site "Forli' ITA"]
[Date "1991.09.14"]
[Round "8"]
[White "Pieri, Filippo"]
[Black "Mileto, Gabriele"]
[Result "1/2-1/2"]
[WhiteElo "2240"]
[BlackElo "2255"]
[PlyCount "31"]
[EventDate "1991.09.07"]

1. e4 c5 2. Nf3 d6 3. d4 cxd4 4. Nxd4 Nf6 5. Nc3 a6 6. Bg5 e6 7. Qd3 h6 8. Bh4
Nbd7 9. O-O-O Ne5 10. Qe2 g5 11. Bg3 Qc7 12. h4 Rg8 13. hxg5 hxg5 14. Bxe5 dxe5
15. Nb3 Bd7 16. Rh3 1/2-1/2

[Event "IV Open FIDE"]
[Site "Forli' ITA"]
[Date "1991.09.14"]
[Round "8"]
[White "Shrentzel, Israel"]
[Black "Drei, Andrea"]
[Result "1-0"]
[WhiteElo "2375"]
[BlackElo "2250"]
[PlyCount "81"]
[EventDate "1991.09.07"]

1. d4 Nf6 2. c4 e6 3. Nf3 b6 4. Bf4 Bb7 5. e3 Be7 6. Nc3 O-O 7. Rc1 Na6 8. h3
c5 9. d5 exd5 10. cxd5 d6 11. e4 Nc7 12. Bd3 Nd7 13. g4 f6 14. Ne2 Ne5 15. Ng3
Re8 16. Rg1 Bf8 17. Nxe5 dxe5 18. Be3 Qd7 19. g5 g6 20. Be2 Bc8 21. Bg4 Qb5 22.
Bxc8 Raxc8 23. b3 Na6 24. Qe2 Qa5+ 25. Kf1 Nb4 26. Kg2 Rc7 27. Bd2 b5 28. h4
Ree7 29. Ra1 Qb6 30. Be3 Qb7 31. Rh1 a5 32. a3 Na6 33. h5 c4 34. bxc4 Rxc4 35.
Rh2 Qc8 36. Rah1 Bg7 37. hxg6 hxg6 38. Rh7 Rc2 39. Qxb5 Rf7 40. Qxa5 Qf8 41.
Qxa6 1-0

[Event "IV Open FIDE"]
[Site "Forli' ITA"]
[Date "1991.09.14"]
[Round "8"]
[White "Vezzosi, Paolo"]
[Black "Magalotti, Andrea"]
[Result "1-0"]
[WhiteElo "2330"]
[BlackElo "2205"]
[PlyCount "83"]
[EventDate "1991.09.07"]

1. d4 f5 2. g3 Nf6 3. Bg2 g6 4. c3 Bg7 5. Qb3 c6 6. Nd2 Qb6 7. Qc2 d6 8. Ngf3
O-O 9. O-O a5 10. a4 Na6 11. Nc4 Qd8 12. Qb3 Nc7 13. Ng5 Nfd5 14. Nb6 Rb8 15.
Nxd5 cxd5 16. Bxd5+ Kh8 17. Bg2 b5 18. Re1 Qe8 19. axb5 Bd7 20. b6 h6 21. Nh3
e5 22. dxe5 dxe5 23. Rxa5 g5 24. f3 Rf6 25. Be3 f4 26. Bf2 Be6 27. c4 Qc8 28.
Qa4 Na8 29. c5 Bd7 30. Qa1 e4 31. fxe4 Nxb6 32. e5 Rf8 33. Nxf4 gxf4 34. cxb6
Qd8 35. Qd1 fxg3 36. Bxg3 Rxb6 37. Ra8 Qe7 38. Rxf8+ Bxf8 39. Qd4 Qc5 40. Bf2
Qxd4 41. Bxd4 Rb4 42. Bc3 1-0

[Event "IV Open FIDE"]
[Site "Forli' ITA"]
[Date "1991.09.14"]
[Round "8"]
[White "Wagman, Stuart"]
[Black "Mauro, Alan"]
[Result "0-1"]
[WhiteElo "2225"]
[BlackElo "2240"]
[PlyCount "80"]
[EventDate "1991.09.07"]

1. e4 c5 2. Nf3 d6 3. d4 cxd4 4. Nxd4 Nf6 5. Nc3 g6 6. Bc4 Bg7 7. Bb3 O-O 8. h3
Nc6 9. Be3 Nxd4 10. Bxd4 Be6 11. O-O Qa5 12. Qd3 Rac8 13. Rfe1 Nd7 14. Nd5 Bxd5
15. Bxg7 Kxg7 16. exd5 Rfe8 17. f4 Kg8 18. Re2 Nc5 19. Qf3 Qb4 20. Kh2 Qd4 21.
c3 Qf6 22. Rae1 a5 23. Bc4 Rc7 24. Re3 Rec8 25. Bb5 a4 26. g4 h6 27. a3 Ra8 28.
Kg3 Ra5 29. Bf1 Nb3 30. h4 Nd2 31. Qf2 Nxf1+ 32. Qxf1 Rxd5 33. Re4 Rd2 34. g5
hxg5 35. hxg5 Qf5 36. Rxe7 Rxe7 37. Rxe7 Rd3+ 38. Kh4 f6 39. Re1 d5 40. gxf6
Qh5# 0-1

[Event "IV Open FIDE"]
[Site "Forli' ITA"]
[Date "1991.09.14"]
[Round "8"]
[White "Yilmaz, Turhan"]
[Black "Maljutin, Evgeni"]
[Result "0-1"]
[WhiteElo "2340"]
[BlackElo "2435"]
[PlyCount "73"]
[EventDate "1991.09.07"]

1. e4 c5 2. Nf3 e6 3. d4 cxd4 4. Nxd4 Nf6 5. Nc3 Nc6 6. Nxc6 bxc6 7. Bd3 d5 8.
O-O a5 9. Qe2 Be7 10. Kh1 a4 11. f4 a3 12. b3 Qa5 13. Bd2 Bb4 14. Qe1 Ba6 15.
e5 Nd7 16. f5 Nc5 17. Bxa6 Bxc3 18. Bxc3 Qxa6 19. Bb4 Ne4 20. fxe6 fxe6 21. Qh4
c5 22. Bxa3 Qxa3 23. c4 Qb2 24. cxd5 exd5 25. Qf4 O-O-O 26. Rab1 Qd2 27. Qf5+
Rd7 28. Rbd1 Qh6 29. Qg4 Re8 30. Qf3 Nd2 31. Rxd2 Qxd2 32. e6 Rxe6 33. Qf8+ Kb7
34. Qxc5 Qe2 35. Qb4+ Rb6 36. Qf4 d4 37. Qf5 0-1

[Event "IV Open FIDE"]
[Site "Forli' ITA"]
[Date "1991.09.14"]
[Round "8"]
[White "Zadrima, Aldo"]
[Black "Anceschi, Vittorio"]
[Result "1-0"]
[WhiteElo "2235"]
[BlackElo "2290"]
[PlyCount "65"]
[EventDate "1991.09.07"]

1. e4 c5 2. Nf3 g6 3. d4 Bg7 4. Nc3 Nc6 5. Be3 cxd4 6. Nxd4 Nf6 7. Nxc6 bxc6 8.
e5 Nd5 9. Nxd5 cxd5 10. Qxd5 Rb8 11. O-O-O Qc7 12. f4 O-O 13. Qc5 Qb7 14. b3 d6
15. Qxa7 dxe5 16. Qxb7 Bxb7 17. Rg1 exf4 18. Bxf4 Rbd8 19. Rxd8 Rxd8 20. Be3
Be4 21. a4 Bc3 22. Be2 Be5 23. g3 Rc8 24. Bc4 h5 25. a5 h4 26. a6 hxg3 27. hxg3
Kg7 28. Bf2 f5 29. a7 Bc3 30. Rd1 Be5 31. Bd5 Bxd5 32. Rxd5 Ra8 33. Rc5 1-0

[Event "IV Open FIDE"]
[Site "Forli' ITA"]
[Date "1991.09.15"]
[Round "9"]
[White "Becker, Marc"]
[Black "Pieri, Filippo"]
[Result "1/2-1/2"]
[WhiteElo "2310"]
[BlackElo "2240"]
[PlyCount "71"]
[EventDate "1991.09.07"]

1. c4 Nf6 2. Nf3 c5 3. g3 Nc6 4. Bg2 g6 5. O-O Bg7 6. d4 cxd4 7. Nxd4 Nxd4 8.
Qxd4 O-O 9. Nc3 d6 10. Qd3 a6 11. Be3 Ng4 12. Bd4 Ne5 13. Qd1 Be6 14. b3 Rb8
15. f4 Ng4 16. Bxg7 Kxg7 17. Qd4+ f6 18. e4 b5 19. cxb5 axb5 20. Nd5 Bxd5 21.
exd5 h5 22. Rfe1 Re8 23. Rec1 Qb6 24. Qxb6 Rxb6 25. Rc7 Kf7 26. Bf1 Nh6 27. a4
bxa4 28. bxa4 Nf5 29. Bb5 Reb8 30. Rd1 R6b7 31. Rc3 Rxb5 32. axb5 Rxb5 33. Rd2
Rb4 34. Kg2 Re4 35. Kf2 g5 36. fxg5 1/2-1/2

[Event "IV Open FIDE"]
[Site "Forli' ITA"]
[Date "1991.09.15"]
[Round "9"]
[White "Boe, Mads"]
[Black "Zadrima, Aldo"]
[Result "1/2-1/2"]
[WhiteElo "2320"]
[BlackElo "2235"]
[PlyCount "120"]
[EventDate "1991.09.07"]

1. e4 c5 2. c3 d5 3. exd5 Qxd5 4. d4 Nf6 5. Nf3 cxd4 6. cxd4 e6 7. Nc3 Qd6 8.
Bd3 Be7 9. O-O Nc6 10. a3 O-O 11. Bc2 Rd8 12. Be3 b6 13. Qd3 g6 14. Rfd1 Bb7
15. b4 Rac8 16. Bb3 a6 17. Rac1 Kg7 18. Qd2 Qb8 19. Qe2 b5 20. Bg5 h6 21. Bh4
Rd7 22. Qb2 Kg8 23. d5 exd5 24. Nxb5 Ne4 25. Bxe7 Nxe7 26. Nbd4 Rdc7 27. h3
Rxc1 28. Rxc1 Rc7 29. a4 Qc8 30. Rxc7 Qxc7 31. b5 Qc5 32. Bd1 Nc8 33. Be2 axb5
34. Qxb5 Qc1+ 35. Kh2 Nxf2 36. Qxb7 Qh1+ 37. Kg3 Ne4+ 38. Kf4 Ncd6 39. Qxd5
Qxg2 40. Qxe4 Nxe4 41. Kxe4 Qxh3 42. a5 Qd7 43. a6 f5+ 44. Ke5 Kf7 45. Bb5 Qc7+
46. Kd5 Kf6 47. Nc6 h5 48. a7 Qb7 49. Kc5 g5 50. Nfe5 g4 51. Nd7+ Kg5 52. Nb6
h4 53. a8=Q Qxa8 54. Nxa8 h3 55. Bf1 f4 56. Nd4 Kh4 57. Nf5+ Kg5 58. Nd4 Kh4
59. Nf5+ Kg5 60. Nd4 Kh4 1/2-1/2

[Event "IV Open FIDE"]
[Site "Forli' ITA"]
[Date "1991.09.15"]
[Round "9"]
[White "Farago, Ivan"]
[Black "Yilmaz, Turhan"]
[Result "1-0"]
[WhiteElo "2515"]
[BlackElo "2340"]
[PlyCount "79"]
[EventDate "1991.09.07"]

1. d4 f5 2. c4 Nf6 3. Nc3 g6 4. g3 Bg7 5. Bg2 O-O 6. Nf3 d6 7. O-O c6 8. d5 e5
9. dxe6 Bxe6 10. b3 Na6 11. Bb2 Qe7 12. Ng5 Bc8 13. Qc2 Ng4 14. Nf3 f4 15. gxf4
Rxf4 16. Rad1 Ne5 17. Qd2 Nxf3+ 18. exf3 Be5 19. Ne4 Rf8 20. Nxd6 Bxb2 21. Qxb2
Qf6 22. Qxf6 Rxf6 23. Rfe1 Nb4 24. a3 Na6 25. Re7 Be6 26. Ne4 Kf8 27. Rxh7 Rf4
28. Rd6 Bf7 29. Rh8+ Bg8 30. Rxg6 Kf7 31. Rhh6 Rd8 32. Bh3 Ke7 33. Be6 Rd1+ 34.
Kg2 Bxe6 35. Rxe6+ Kf8 36. Rh8+ Kg7 37. Reh6 Rd3 38. R8h7+ Kg8 39. Rxb7 Rdxf3
40. Rxc6 1-0

[Event "IV Open FIDE"]
[Site "Forli' ITA"]
[Date "1991.09.15"]
[Round "9"]
[White "Magalotti, Andrea"]
[Black "Wagman, Stuart"]
[Result "0-1"]
[WhiteElo "2205"]
[BlackElo "2225"]
[PlyCount "122"]
[EventDate "1991.09.07"]

1. e4 e5 2. Nf3 Nc6 3. Bb5 a6 4. Ba4 Nf6 5. O-O Nxe4 6. d4 b5 7. Bb3 d5 8. dxe5
Be6 9. c3 Bc5 10. Nbd2 O-O 11. Bc2 Nxf2 12. Rxf2 f6 13. exf6 Bxf2+ 14. Kxf2
Qxf6 15. Nf1 d4 16. Kg1 Bg4 17. Qd3 g6 18. Bg5 Qd6 19. Ng3 Bxf3 20. gxf3 Ne5
21. Ne4 Qb6 22. Bb3+ Kg7 23. Qxd4 Qxd4+ 24. cxd4 Nxf3+ 25. Kg2 Nxd4 26. Bd1
Rae8 27. Ng3 c5 28. Rc1 Re5 29. Bd2 Rd8 30. b4 c4 31. Bc3 Kg8 32. Bc2 Ree8 33.
Bd1 h5 34. a4 h4 35. Nf1 Ne2 36. Bxe2 Rxe2+ 37. Kf3 Re6 38. axb5 axb5 39. Re1
Rd3+ 40. Kf2 Kf7 41. Rxe6 Kxe6 42. Be1 Kd5 43. Ke2 g5 44. Bd2 Rb3 45. Bxg5 Rxb4
46. Bxh4 Rb2+ 47. Ke3 Rb1 48. Nd2 Rh1 49. Nf3 b4 50. Be1 b3 51. Bc3 Rc1 52. Bb2
Rc2 53. Ba3 b2 54. Bxb2 Rxb2 55. h4 Rb3+ 56. Ke2 c3 57. Ne1 Kc4 58. Nf3 Rb8 59.
Kd1 Kb3 60. Kc1 Rd8 61. Ne1 Rf8 0-1

[Event "IV Open FIDE"]
[Site "Forli' ITA"]
[Date "1991.09.15"]
[Round "9"]
[White "Malaniuk, Vladimir P."]
[Black "Pedersen, Steffen"]
[Result "1/2-1/2"]
[WhiteElo "2510"]
[BlackElo "2295"]
[PlyCount "25"]
[EventDate "1991.09.07"]

1. d4 f5 2. g3 Nf6 3. Bg2 g6 4. Nh3 Bg7 5. Nf4 d6 6. d5 c6 7. c4 e5 8. dxe6 Qe7
9. Nc3 Bxe6 10. Nxe6 Qxe6 11. Bf4 Na6 12. Qxd6 Qxc4 13. Rd1 1/2-1/2

[Event "IV Open FIDE"]
[Site "Forli' ITA"]
[Date "1991.09.15"]
[Round "9"]
[White "Maljutin, Evgeni"]
[Black "Belotti, Bruno"]
[Result "1-0"]
[WhiteElo "2435"]
[BlackElo "2450"]
[PlyCount "73"]
[EventDate "1991.09.07"]

1. e4 d6 2. d4 Nf6 3. Nc3 g6 4. h3 Bg7 5. Nge2 O-O 6. g3 e5 7. Bg2 Nc6 8. Be3
exd4 9. Nxd4 Bd7 10. O-O Re8 11. Re1 a6 12. Nxc6 bxc6 13. Qd3 Qc8 14. Kh2 Rb8
15. b3 Re5 16. g4 Bxg4 17. hxg4 Nxg4+ 18. Kg1 Nxe3 19. Qxe3 Qg4 20. f3 Qh4 21.
Ne2 Rh5 22. Rad1 Re8 23. f4 f5 24. e5 dxe5 25. Bxc6 e4 26. Ng3 Qh2+ 27. Kf1
Qh3+ 28. Ke2 Qg4+ 29. Kd2 Rh3 30. Bxe8 Bh6 31. Qc5 Qxf4+ 32. Kc3 Bg7+ 33. Kc4
Rxg3 34. Bf7+ Kxf7 35. Rd7+ Kg8 36. Qd5+ Kh8 37. Qa8+ 1-0